Материалы резинового производства, изготовление резиновых смесей: учебное пособие

Podrobná bibliografie
Hlavní autor: Лукасик В. А. Владислав Антонович
Korporativní autor: Волгоградский политехнический институт
Další autoři: Ленин С. Е. Сергей Ерофеевич
Jazyk:ruština
Vydáno: Волгоград, Волгогр. ПТИ, 1989
Témata:
Médium: MixedMaterials Kniha
KOHA link:https://koha.lib.tpu.ru/cgi-bin/koha/opac-detail.pl?biblionumber=99184

MARC

LEADER 00000nam0a2200000 4500
001 99184
005 20231101214231.0
020 |a RU  |b 89-74318 
035 |a (RuTPU)RU\TPU\book\106407 
090 |a 99184 
100 |a 20060629d1989 m a0rusy5003 ca 
101 0 |a rus 
102 |a RU 
105 |a a j 001zy 
200 1 |a Материалы резинового производства, изготовление резиновых смесей  |e учебное пособие  |f В. А. Лукасик, С. Е. Ленин  |g Волгоградский политехнический институт 
210 |a Волгоград  |c Волгогр. ПТИ  |d 1989 
215 |a 104,[1] с.  |c ил.  |d 20 см 
320 |a Библиогр.: с. 104 (14 назв.) 
610 1 |a резиновое производство 
610 1 |a резиновые смеси 
610 1 |a сырье 
610 1 |a рецептура 
610 1 |a учебные пособия 
675 |a 678.4.06(075.8)  |z rus 
700 1 |a Лукасик  |b В. А.  |g Владислав Антонович  |4 070 
701 1 |a Ленин  |b С. Е.  |g Сергей Ерофеевич  |4 070 
712 0 2 |a Волгоградский политехнический институт  |2 stltpush  |3 (RuTPU)RU\TPU\col\4581  |9 23999 
801 0 |a RU  |b RuMRKP  |c 19950417  |g psbo 
801 1 |a RU  |b 63413507  |c 20060629  |g PSBO 
801 2 |a RU  |b 63413507  |c 20070317  |g PSBO 
942 |c BK